[Event "24. Open Moratalaz 2011"]
[Site "Madrid ESP"]
[Date "2011.09.18"]
[Round "4.1"]
[White "Vazquez Igarza, Renier"]
[Black "Longa Yauca, Javier"]
[Result "1-0"]
[WhiteElo "2572"]
[BlackElo "2307"]
[PlyCount "53"]
[EventDate "2011.09.15"]
[EventType "swiss"]
[EventRounds "9"]
[EventCountry "ESP"]
[Source "lmi"]
[SourceDate "2011.09.15"]

1. d4 Nf6 2. c4 d6 3. Nf3 g6 4. Nc3 Bg7 5. e4 O-O 6. Be2 Bg4 7. Be3 Nbd7 8. h3
Bxf3 9. Bxf3 c6 10. g4 e5 11. d5 cxd5 12. cxd5 Nb6 13. g5 Nfd7 14. b3 f5 15. h4
Qe7 16. Rc1 Rfc8 17. Bg2 fxe4 18. Bh3 Nc5 19. Bxc5 Rxc5 20. Be6+ Kh8 21. Nxe4
Rxc1 22. Qxc1 Rf8 23. h5 gxh5 24. Qd1 Rf4 25. Qxh5 Rxe4+ 26. Kf1 h6 27. Qg6 1-0

[Event "24. Open Moratalaz 2011"]
[Site "Madrid ESP"]
[Date "2011.09.18"]
[Round "4.4"]
[White "Ramos Aldoradin, John Paul"]
[Black "Taboas Rodriguez, Daniel"]
[Result "0-1"]
[WhiteElo "2159"]
[BlackElo "2396"]
[PlyCount "192"]
[EventDate "2011.09.15"]
[EventType "swiss"]
[EventRounds "9"]
[EventCountry "ESP"]
[Source "lmi"]
[SourceDate "2011.09.15"]

1. e4 e6 2. d4 d5 3. e5 c5 4. c3 Nc6 5. Nf3 Nh6 6. a3 Nf5 7. b4 cxd4 8. cxd4
Bd7 9. Bb2 b5 10. Bd3 a5 11. Bxf5 exf5 12. Nc3 axb4 13. axb4 Bxb4 14. Rxa8 Qxa8
15. O-O Bxc3 16. Bxc3 b4 17. Bd2 O-O 18. Qb3 Be6 19. Rb1 Qa3 20. Kf1 Qxb3 21.
Rxb3 Bc8 22. Ke2 Ba6+ 23. Ke3 Bc4 24. Rb2 b3 25. Bc3 Rb8 26. Nd2 Ne7 27. Ba5
Ra8 28. Bb4 Ra2 29. Rxa2 bxa2 30. Bc3 Kf8 31. f4 Ke8 32. Kf2 Kd7 33. Ke1 Kc6
34. Kd1 Nc8 35. Kc2 Nb6 36. Ba1 Kb5 37. Nf3 h6 38. Nh4 g6 39. e6 fxe6 40. Nxg6
Nd7 41. g3 Kb4 42. Ne5 Nf8 43. Nc6+ Kb5 44. Nd8 h5 45. Kc3 Ka4 46. Bb2 Bf1 47.
Ba1 Bg2 48. Bb2 Be4 49. Ba1 Kb5 50. Kb3 Bb1 51. Nb7 Nd7 52. Nd8 Nf8 53. Nb7 Kc6
54. Nc5 Kd6 55. Bc3 Ke7 56. Na6 Nh7 57. Nb4 Nf6 58. Nxa2 Bxa2+ 59. Kxa2 h4 60.
gxh4 Ng4 61. Kb2 Kf7 62. Kc2 Nxh2 63. Kd3 Kg6 64. Ke3 Kh5 65. Be1 Kg4 66. Bf2
Kh5 67. Be1 Ng4+ 68. Kf3 Nf6 69. Kg3 Ne4+ 70. Kf3 Nd6 71. Bg3 Nc8 72. Be1 Ne7
73. Kg3 Ng6 74. Bb4 Nxh4 75. Bd6 Ng6 76. Kh3 Nh8 77. Kg3 Nf7 78. Bc7 Nh6 79.
Bb8 Ng4 80. Bc7 Nf6 81. Bd8 Ne4+ 82. Kf3 Kg6 83. Bc7 Kf7 84. Kg2 Ke7 85. Kh3
Kd7 86. Be5 Nd2 87. Kg2 Kc6 88. Kf2 Kb5 89. Ke2 Nc4 90. Bf6 Nb2 91. Ke3 Kc4 92.
Kd2 Nd3 93. Ke3 Kc3 94. Kf3 Nb4 95. Ke3 Nc2+ 96. Ke2 Kc4 0-1

[Event "24. Open Moratalaz 2011"]
[Site "Madrid ESP"]
[Date "2011.09.18"]
[Round "4.5"]
[White "Hernando Pertierra, Jose Carlos"]
[Black "Montanes Arribas, Adrian"]
[Result "1-0"]
[WhiteElo "2383"]
[BlackElo "2192"]
[PlyCount "89"]
[EventDate "2011.09.15"]
[EventType "swiss"]
[EventRounds "9"]
[EventCountry "ESP"]
[Source "lmi"]
[SourceDate "2011.09.15"]

1. Nf3 c5 2. b3 Nc6 3. Bb2 Nf6 4. e3 g6 5. Bxf6 exf6 6. c4 d5 7. cxd5 Qxd5 8.
Nc3 Qd7 9. Bb5 a6 10. Bxc6 Qxc6 11. O-O Bg7 12. Rc1 b6 13. d4 cxd4 14. Nxd4 Qb7
15. Qf3 Qxf3 16. gxf3 Bb7 17. Na4 f5 18. Rc7 Rb8 19. Nc6 Bxc6 20. Rxc6 b5 21.
Nc5 a5 22. Na6 Rb7 23. Rd1 O-O 24. Rd5 Ra8 25. Nc7 Rc8 26. Ne6 Rcb8 27. Nc5 Ra7
28. Na6 Rba8 29. Nc7 Rc8 30. Ne6 Rb8 31. Rxb5 Re8 32. Rc7 Rxc7 33. Nxc7 Rc8 34.
Nd5 Rc1+ 35. Kg2 a4 36. bxa4 Rc2 37. a3 Ra2 38. Rb3 Rd2 39. Nb6 f4 40. Kf1 fxe3
41. fxe3 Rxh2 42. a5 Rh5 43. Nc4 Rc5 44. Rb8+ Bf8 45. a6 1-0

[Event "24. Open Moratalaz 2011"]
[Site "Madrid ESP"]
[Date "2011.09.18"]
[Round "4.6"]
[White "Roa Alonso, Santiago"]
[Black "Baeza Escudero, Javier"]
[Result "1-0"]
[WhiteElo "2420"]
[BlackElo "2012"]
[PlyCount "61"]
[EventDate "2011.09.15"]
[EventType "swiss"]
[EventRounds "9"]
[EventCountry "ESP"]
[Source "lmi"]
[SourceDate "2011.09.15"]

1. e4 e5 2. Nf3 Nc6 3. Bc4 Nf6 4. d3 Be7 5. Bb3 d6 6. c3 O-O 7. Nbd2 Na5 8. Bc2
c5 9. Nf1 Nc6 10. h3 d5 11. Qe2 d4 12. Ba4 Qa5 13. Qc2 b5 14. Bb3 Ba6 15. N1d2
Rad8 16. O-O dxc3 17. bxc3 b4 18. c4 Qc7 19. Ba4 Bb7 20. Bb2 Nd7 21. Rfe1 Bf6
22. Nf1 Nb6 23. Ne3 Nxa4 24. Qxa4 Rxd3 25. Nd5 Qd8 26. Qb5 Na5 27. Qxc5 Ba6 28.
Nxe5 Rd2 29. Qxb4 Rxb2 30. Qxb2 Nxc4 31. Nxf6+ 1-0

[Event "24. Open Moratalaz 2011"]
[Site "Madrid ESP"]
[Date "2011.09.18"]
[Round "4.7"]
[White "Rodrigo Yanguas, Maria"]
[Black "Ortega Ruiz, Jose Miguel"]
[Result "0-1"]
[WhiteElo "2135"]
[BlackElo "2266"]
[PlyCount "36"]
[EventDate "2011.09.15"]
[EventType "swiss"]
[EventRounds "9"]
[EventCountry "ESP"]
[Source "lmi"]
[SourceDate "2011.09.15"]

1. e4 d5 2. exd5 Qxd5 3. Nc3 Qa5 4. d4 Nf6 5. Bc4 Bg4 6. Nf3 e6 7. h3 Bh5 8. g4
Bg6 9. Ne5 Nbd7 10. f4 Nxe5 11. fxe5 Ne4 12. Bd2 Qb6 13. Ne2 Nxd2 14. Qxd2 Qc6
15. O-O Qxc4 16. Rf3 Qxc2 17. Qe3 Qe4 18. Qb3 Qxe2 0-1

[Event "24. Open Moratalaz 2011"]
[Site "Madrid ESP"]
[Date "2011.09.18"]
[Round "4.9"]
[White "De la Fuente Gonzalez, Francisco"]
[Black "Rodriguez Diaz, Alberto Jose"]
[Result "1/2-1/2"]
[WhiteElo "2190"]
[BlackElo "1978"]
[PlyCount "54"]
[EventDate "2011.09.15"]
[EventType "swiss"]
[EventRounds "9"]
[EventCountry "ESP"]
[Source "lmi"]
[SourceDate "2011.09.15"]

1. c4 Nf6 2. Nc3 c6 3. Nf3 d5 4. d4 g6 5. cxd5 cxd5 6. Bf4 Nc6 7. e3 a6 8. Ne5
Qb6 9. a3 Bg7 10. Bd3 e6 11. Na4 Qd8 12. Nxc6 bxc6 13. Be5 O-O 14. Rc1 Bb7 15.
Nc5 Ra7 16. O-O Qc8 17. Qa4 a5 18. Rc3 Nd7 19. Nxd7 Qxd7 20. Bxg7 Kxg7 21. Rc5
Rfa8 22. Rfc1 Ba6 23. Bxa6 Rxa6 24. b3 Rb8 25. b4 Rb5 26. bxa5 Qa7 27. Rxb5
cxb5 1/2-1/2

[Event "24. Open Moratalaz 2011"]
[Site "Madrid ESP"]
[Date "2011.09.18"]
[Round "4.10"]
[White "Gonzalez Mateos, Rafael"]
[Black "Montoya Pecurul, Marc"]
[Result "1/2-1/2"]
[WhiteElo "2186"]
[BlackElo "1776"]
[PlyCount "36"]
[EventDate "2011.09.15"]
[EventType "swiss"]
[EventRounds "9"]
[EventCountry "ESP"]
[Source "lmi"]
[SourceDate "2011.09.15"]

1. d4 d5 2. c3 Nf6 3. Nf3 Bf5 4. Qb3 Qc8 5. Bg5 Nbd7 6. Nbd2 e6 7. Nh4 Bg6 8.
e3 Bd6 9. Be2 O-O 10. Nxg6 hxg6 11. c4 c5 12. cxd5 exd5 13. Bxf6 Nxf6 14. dxc5
Qxc5 15. O-O Qb4 16. Qxb4 Bxb4 17. Nf3 Rac8 18. Rac1 Rfd8 1/2-1/2

[Event "24. Open Moratalaz 2011"]
[Site "Madrid ESP"]
[Date "2011.09.19"]
[Round "5.1"]
[White "Taboas Rodriguez, Daniel"]
[Black "Vazquez Igarza, Renier"]
[Result "1/2-1/2"]
[WhiteElo "2396"]
[BlackElo "2572"]
[PlyCount "44"]
[EventDate "2011.09.15"]
[EventType "swiss"]
[EventRounds "9"]
[EventCountry "ESP"]
[Source "lmi"]
[SourceDate "2011.09.15"]

1. d4 Nf6 2. c4 e6 3. Nc3 Bb4 4. e3 O-O 5. Bd3 d5 6. Nf3 b6 7. O-O Bb7 8. a3
Bd6 9. b4 dxc4 10. Bxc4 Nbd7 11. Nb5 Be7 12. Bb2 a6 13. Nc3 Bd6 14. Qc2 Qe7 15.
Rfd1 e5 16. dxe5 Nxe5 17. Nd5 Nxd5 18. Bxd5 c6 19. Bxe5 Bxe5 20. Nxe5 Qxe5 21.
Bf3 Rad8 22. Rac1 Rd6 1/2-1/2

[Event "24. Open Moratalaz 2011"]
[Site "Madrid ESP"]
[Date "2011.09.19"]
[Round "5.2"]
[White "Rubio Mejia, Luis Ignacio"]
[Black "Hernando Pertierra, Jose Carlos"]
[Result "1/2-1/2"]
[WhiteElo "2433"]
[BlackElo "2383"]
[PlyCount "54"]
[EventDate "2011.09.15"]
[EventType "swiss"]
[EventRounds "9"]
[EventCountry "ESP"]
[Source "lmi"]
[SourceDate "2011.09.15"]

1. d4 g6 2. c4 Bg7 3. Nc3 c5 4. d5 Bxc3+ 5. bxc3 Qa5 6. Qc2 Nf6 7. Bd2 d6 8. e4
O-O 9. Nf3 e5 10. Bd3 Kg7 11. O-O Ng8 12. Ne1 Nd7 13. g3 f6 14. f4 Qc7 15. Nf3
Nb6 16. f5 gxf5 17. exf5 Bd7 18. a4 a5 19. Be3 e4 20. Bxe4 Nxc4 21. Bf4 Rae8
22. Rfe1 Nh6 23. Bd3 Ne5 24. Nxe5 dxe5 25. Bxh6+ Kxh6 26. c4 Kg7 27. Be4 Qd6
1/2-1/2

[Event "24. Open Moratalaz 2011"]
[Site "Madrid ESP"]
[Date "2011.09.19"]
[Round "5.3"]
[White "Suarez Uriel, Adrian"]
[Black "Almagro Llanas, Pablo"]
[Result "0-1"]
[WhiteElo "2197"]
[BlackElo "2466"]
[PlyCount "76"]
[EventDate "2011.09.15"]
[EventType "swiss"]
[EventRounds "9"]
[EventCountry "ESP"]
[Source "lmi"]
[SourceDate "2011.09.15"]

1. e4 c6 2. d4 d5 3. e5 Bf5 4. h4 h5 5. Bg5 Qb6 6. Bd3 Bxd3 7. Qxd3 e6 8. Nd2
Ne7 9. Ngf3 Qa6 10. c4 Nd7 11. Qb3 Nb6 12. c5 Nd7 13. Qc2 Nf5 14. b4 b6 15. Nb3
Qb5 16. a3 a5 17. Qc3 f6 18. exf6 gxf6 19. Bd2 Rg8 20. g3 Rg4 21. O-O-O a4 22.
Na1 bxc5 23. Rhe1 Kf7 24. Nc2 cxb4 25. axb4 Rb8 26. Kb1 c5 27. dxc5 Nxc5 28.
Nfd4 Nxd4 29. Nxd4 Qd3+ 30. Qxd3 Nxd3 31. Nc6 Rc8 32. Re3 Rxc6 33. Rxd3 Bxb4
34. Bf4 e5 35. Bc1 d4 36. f4 Ke6 37. fxe5 fxe5 38. Bb2 Kd5 0-1

[Event "24. Open Moratalaz 2011"]
[Site "Madrid ESP"]
[Date "2011.09.19"]
[Round "5.5"]
[White "Ortega Ruiz, Jose Miguel"]
[Black "Martin Duque, Jesus"]
[Result "1/2-1/2"]
[WhiteElo "2266"]
[BlackElo "2136"]
[PlyCount "44"]
[EventDate "2011.09.15"]
[EventType "swiss"]
[EventRounds "9"]
[EventCountry "ESP"]
[Source "lmi"]
[SourceDate "2011.09.15"]

1. b3 c6 2. Bb2 d5 3. f4 Nf6 4. Nf3 Bg4 5. Ne5 Bh5 6. g3 e6 7. Bg2 Nbd7 8. O-O
Bd6 9. h3 Bg6 10. d3 Bxe5 11. fxe5 Ng8 12. e4 dxe4 13. Nd2 Nh6 14. Nxe4 Bxe4
15. Bxe4 Qg5 16. Qf3 O-O 17. Rae1 f6 18. exf6 Nxf6 19. Ba3 Rf7 20. Qe3 Nxe4 21.
dxe4 Rxf1+ 22. Kxf1 Qxe3 1/2-1/2

[Event "24. Open Moratalaz 2011"]
[Site "Madrid ESP"]
[Date "2011.09.19"]
[Round "5.6"]
[White "Ambrona Castellanos, Miguel"]
[Black "Moreno Ruiz, Javier"]
[Result "1/2-1/2"]
[WhiteElo "1994"]
[BlackElo "2536"]
[PlyCount "148"]
[EventDate "2011.09.15"]
[EventType "swiss"]
[EventRounds "9"]
[EventCountry "ESP"]
[Source "lmi"]
[SourceDate "2011.09.15"]

1. e4 e6 2. d4 d5 3. Nd2 Nf6 4. e5 Nfd7 5. Bd3 c5 6. c3 Nc6 7. Ne2 cxd4 8. cxd4
f6 9. exf6 Qxf6 10. Nf3 h6 11. O-O Bd6 12. Be3 O-O 13. Rc1 Rd8 14. Qd2 Nf8 15.
Bf4 Nxd4 16. Nfxd4 e5 17. Nb5 exf4 18. Nxd6 Rxd6 19. Qxf4 Bd7 20. Rfd1 Rd8 21.
Qxf6 Rxf6 22. Rd2 Rb6 23. Rcd1 Be6 24. b3 Rc8 25. Nf4 Rc5 26. Bb1 Rbc6 27. Kf1
g5 28. Nxe6 Nxe6 29. Bf5 Nc7 30. f3 Kf7 31. Kf2 Kf6 32. Bh7 Kg7 33. Bf5 a5 34.
Kg3 Kf6 35. Bh7 Re6 36. h4 Re5 37. hxg5+ hxg5 38. Kf2 b5 39. Rc2 Rxc2+ 40. Bxc2
b4 41. Bd3 Ne6 42. Rc1 Nf4 43. Bf1 d4 44. Rd1 Rd5 45. g3 Ng6 46. Bd3 Ne5 47.
Be4 Rd8 48. Rc1 Rh8 49. Kg2 Ke6 50. Rc5 Rd8 51. Kf2 d3 52. Rc1 Rh8 53. Kg2 Rf8
54. Rd1 Rc8 55. Rd2 Rf8 56. Bxd3 Rxf3 57. Be4 Re3 58. Bh7 Nf3 59. Bg8+ Ke5 60.
Rd5+ Ke4 61. Rxa5 Ne5 62. Bh7+ Kd4 63. Ra8 Re2+ 64. Kf1 Rh2 65. Bf5 Nf3 66. Bg4
Ne5 67. Be2 g4 68. Re8 Rh1+ 69. Kf2 Ra1 70. Ra8 Rb1 71. Rd8+ Ke4 72. Rf8 Rb2
73. Rf4+ Kd5 74. Ke3 Rxa2 1/2-1/2

[Event "24. Open Moratalaz 2011"]
[Site "Madrid ESP"]
[Date "2011.09.19"]
[Round "5.7"]
[White "Fernandez Cardoso, Alexey"]
[Black "Garcia Galeote, Lorenzo"]
[Result "1-0"]
[WhiteElo "2465"]
[BlackElo "2043"]
[PlyCount "63"]
[EventDate "2011.09.15"]
[EventType "swiss"]
[EventRounds "9"]
[EventCountry "ESP"]
[Source "lmi"]
[SourceDate "2011.09.15"]

1. e4 Nc6 2. Nf3 d6 3. Bc4 Nf6 4. Nc3 Bg4 5. h3 Bxf3 6. Qxf3 Ne5 7. Qe2 Nxc4 8.
Qxc4 c6 9. Qe2 e5 10. d3 Be7 11. Qf3 O-O 12. Ne2 d5 13. Ng3 dxe4 14. dxe4 Ne8
15. O-O Nd6 16. Rd1 Qc7 17. b3 Rfd8 18. Be3 Nb5 19. Nf5 Bf6 20. Nh6+ Kh8 21.
Bg5 Qe7 22. Bxf6 Rxd1+ 23. Rxd1 gxf6 24. Rd7 Qe6 25. Nxf7+ Kg8 26. Qg3+ Kf8 27.
Nxe5 fxe5 28. Qg7+ Ke8 29. Rxb7 Kd8 30. Qf8+ Qe8 31. Qf6+ Kc8 32. Rxh7 1-0

[Event "24. Open Moratalaz 2011"]
[Site "Madrid ESP"]
[Date "2011.09.19"]
[Round "5.9"]
[White "Lopez de Turiso, Jose Angel"]
[Black "Renteria Becerra, Jorge Elicer"]
[Result "0-1"]
[WhiteElo "2084"]
[BlackElo "2319"]
[PlyCount "74"]
[EventDate "2011.09.15"]
[EventType "swiss"]
[EventRounds "9"]
[EventCountry "ESP"]
[Source "lmi"]
[SourceDate "2011.09.15"]

1. d4 Nf6 2. c4 c5 3. Nf3 cxd4 4. Nxd4 e6 5. Nc3 Bb4 6. Ndb5 O-O 7. a3 Ba5 8.
b4 a6 9. Nd6 Bc7 10. Bg5 h6 11. Bh4 Qe7 12. c5 b6 13. Qd2 bxc5 14. bxc5 Ba5 15.
e4 Nc6 16. Bc4 Nxe4 17. Bxe7 Nxd2 18. Kxd2 Nxe7 19. Kc2 Ra7 20. Rab1 Bxc3 21.
Kxc3 Rc7 22. Kd4 Nc6+ 23. Ke4 Na5 24. Kd4 Bb7 25. Nxb7 Nxb7 26. Bxa6 Nxc5 27.
Bb5 Ra8 28. a4 Nxa4 29. Rhc1 Rxc1 30. Rxc1 Nb6 31. Rc7 Ra2 32. Bd3 g5 33. Rb7
Nd5 34. Rxd7 Rxf2 35. Be4 Nf6 36. Rd8+ Kg7 37. Bc6 Rd2+ 0-1

[Event "24. Open Moratalaz 2011"]
[Site "Madrid ESP"]
[Date "2011.09.19"]
[Round "5.10"]
[White "Longa Yauca, Javier"]
[Black "Alvarez Abejon, Amilcar"]
[Result "1/2-1/2"]
[WhiteElo "2307"]
[BlackElo "2038"]
[PlyCount "68"]
[EventDate "2011.09.15"]
[EventType "swiss"]
[EventRounds "9"]
[EventCountry "ESP"]
[Source "lmi"]
[SourceDate "2011.09.15"]

1. d4 d5 2. c4 c6 3. Nf3 e6 4. g3 f5 5. Bg2 Bd6 6. O-O Nf6 7. Nc3 O-O 8. Qb3 b6
9. Bg5 Nbd7 10. Rfd1 h6 11. Bf4 Bxf4 12. gxf4 Bb7 13. Ne5 Nxe5 14. dxe5 Ne4 15.
e3 Qh4 16. Qc2 g5 17. fxg5 hxg5 18. cxd5 cxd5 19. Rd4 g4 20. Rf1 Ba6 21. Rc1
Rac8 22. f3 gxf3 23. Bxf3 Rc7 24. Bxe4 fxe4 25. Rd2 Rcf7 26. Rg2+ Kh8 27. Rg3
Rg8 28. Ne2 Rxg3+ 29. Nxg3 Qg5 30. Qc3 Rf3 31. Qa3 Rxg3+ 32. hxg3 Qxg3+ 33. Kh1
Qh3+ 34. Kg1 Qg3+ 1/2-1/2

[Event "24. Open Moratalaz 2011"]
[Site "Madrid ESP"]
[Date "2011.09.20"]
[Round "6.1"]
[White "Vazquez Igarza, Renier"]
[Black "Rubio Mejia, Luis Ignacio"]
[Result "1/2-1/2"]
[WhiteElo "2572"]
[BlackElo "2433"]
[PlyCount "57"]
[EventDate "2011.09.15"]
[EventType "swiss"]
[EventRounds "9"]
[EventCountry "ESP"]
[Source "lmi"]
[SourceDate "2011.09.15"]

1. d4 Nf6 2. c4 e6 3. Nc3 Bb4 4. Qc2 c5 5. dxc5 Na6 6. a3 Bxc3+ 7. Qxc3 Nxc5 8.
b4 Nce4 9. Qb2 d5 10. c5 h6 11. f3 Ng5 12. Bf4 O-O 13. h4 Ngh7 14. e3 Re8 15.
Bd3 Nf8 16. Bd6 b6 17. Ne2 bxc5 18. bxc5 Ba6 19. Bxa6 Qa5+ 20. Nc3 Qxa6 21. Qb5
Qc8 22. c6 Ng6 23. Qc5 e5 24. h5 d4 25. hxg6 dxc3 26. gxf7+ Kxf7 27. O-O Re6
28. Rfd1 Ne8 29. Rac1 1/2-1/2

[Event "24. Open Moratalaz 2011"]
[Site "Madrid ESP"]
[Date "2011.09.20"]
[Round "6.2"]
[White "Almagro Llanas, Pablo"]
[Black "Taboas Rodriguez, Daniel"]
[Result "0-1"]
[WhiteElo "2466"]
[BlackElo "2396"]
[PlyCount "76"]
[EventDate "2011.09.15"]
[EventType "swiss"]
[EventRounds "9"]
[EventCountry "ESP"]
[Source "lmi"]
[SourceDate "2011.09.15"]

1. c4 Nf6 2. Nf3 g6 3. g3 b6 4. Bg2 Bb7 5. d4 Bg7 6. O-O O-O 7. Qc2 c5 8. d5 b5
9. e4 d6 10. cxb5 a6 11. b6 Nbd7 12. Nc3 Qxb6 13. h3 a5 14. Re1 Rab8 15. Rb1
Qc7 16. Nb5 Qb6 17. a4 Ba6 18. Bf1 e6 19. Bf4 Bxb5 20. Bxb5 exd5 21. exd5 Nxd5
22. Bxd7 Nxf4 23. gxf4 Qb7 24. Bg4 f5 25. Qc4+ Kh8 26. Ng5 fxg4 27. hxg4 Bd4
28. Qc1 h6 29. Ne4 Rbe8 30. f5 Rxe4 31. Qxh6+ Kg8 32. Qxg6+ Bg7 33. f3 Rf4 34.
Re3 Rxf3 35. Qe6+ Rf7 36. Qe8+ Rf8 37. Qe6+ Kh8 38. Re4 Qb3 0-1

[Event "24. Open Moratalaz 2011"]
[Site "Madrid ESP"]
[Date "2011.09.20"]
[Round "6.3"]
[White "Hernando Pertierra, Jose Carlos"]
[Black "Fernandez Cardoso, Alexey"]
[Result "0-1"]
[WhiteElo "2383"]
[BlackElo "2465"]
[PlyCount "92"]
[EventDate "2011.09.15"]
[EventType "swiss"]
[EventRounds "9"]
[EventCountry "ESP"]
[Source "lmi"]
[SourceDate "2011.09.15"]

1. Nf3 g6 2. d4 Nf6 3. c3 Bg7 4. Bg5 d6 5. Nbd2 h6 6. Bxf6 Bxf6 7. e3 O-O 8.
Bd3 Bg7 9. Qb3 Kh8 10. h4 e5 11. O-O-O exd4 12. cxd4 a5 13. Qc2 c5 14. dxc5
dxc5 15. Nc4 Qf6 16. Ng5 Na6 17. Be4 Nb4 18. Qb1 Ra6 19. a3 b5 20. Nd2 Nc6 21.
Bd5 Bf5 22. e4 Bg4 23. f3 Bc8 24. Rde1 c4 25. Bxc6 c3 26. Bd5 cxd2+ 27. Kxd2
Qf4+ 28. Ke2 hxg5 29. hxg5+ Kg8 30. Qc1 Qxc1 31. Rxc1 Bxb2 32. Rb1 Bxa3 33. Rh6
Be6 34. Rxb5 Bxd5 35. exd5 Re8+ 36. Kd3 Bf8 37. Rh2 a4 38. g4 a3 39. Ra2 Raa8
40. f4 Rab8 41. Rxb8 Rxb8 42. f5 Rb2 43. Ra1 Rg2 44. Rc1 a2 45. Ra1 Bd6 46.
fxg6 fxg6 0-1

[Event "24. Open Moratalaz 2011"]
[Site "Madrid ESP"]
[Date "2011.09.20"]
[Round "6.4"]
[White "Guerra Mendez, Jose Angel"]
[Black "Montanes Arribas, Adrian"]
[Result "1/2-1/2"]
[WhiteElo "2448"]
[BlackElo "2192"]
[PlyCount "102"]
[EventDate "2011.09.15"]
[EventType "swiss"]
[EventRounds "9"]
[EventCountry "ESP"]
[Source "lmi"]
[SourceDate "2011.09.15"]

1. e4 c5 2. Nf3 d6 3. d4 cxd4 4. Nxd4 Nf6 5. Nc3 a6 6. Bc4 e6 7. Bb3 Nbd7 8.
Bg5 Qa5 9. Qd2 Be7 10. O-O-O Nc5 11. Rhe1 Qc7 12. f4 h6 13. Bxf6 Bxf6 14. Nf3
Bd7 15. Qxd6 Qxd6 16. Rxd6 O-O-O 17. Ne5 Bxe5 18. fxe5 Bc6 19. Bc4 Kc7 20. Rf1
Rdf8 21. Rd2 b5 22. Bd3 Nd7 23. Ne2 Nxe5 24. Nd4 Rd8 25. Nf3 Nxf3 26. gxf3 e5
27. f4 exf4 28. Rxf4 f6 29. Rg2 Rd7 30. Rg6 Re8 31. Rfg4 Ree7 32. e5 Rxe5 33.
Rxg7 Rg5 34. Rxd7+ Bxd7 35. Rh4 h5 36. Kd2 Rg2+ 37. Kc3 Bg4 38. Bg6 Bd1 39.
Bxh5 Bxc2 40. Bf7 Bg6 41. Bxg6 Rxg6 42. Rh7+ Kc6 43. Ra7 Rh6 44. Rxa6+ Kc5 45.
b4+ Kd5 46. h4 Rxh4 47. Rxf6 Rh3+ 48. Kc2 Rh2+ 49. Kd3 Rh3+ 50. Kd2 Rh2+ 51.
Kd3 Rh3+ 1/2-1/2

[Event "24. Open Moratalaz 2011"]
[Site "Madrid ESP"]
[Date "2011.09.20"]
[Round "6.7"]
[White "Gonzalez Aguirre, Luis"]
[Black "Ortega Ruiz, Jose Miguel"]
[Result "0-1"]
[WhiteElo "2150"]
[BlackElo "2266"]
[PlyCount "46"]
[EventDate "2011.09.15"]
[EventType "swiss"]
[EventRounds "9"]
[EventCountry "ESP"]
[Source "lmi"]
[SourceDate "2011.09.15"]

1. Nf3 Nf6 2. c4 c6 3. g3 d5 4. Bg2 g6 5. b3 Bg7 6. Bb2 O-O 7. O-O Bf5 8. d3
Qd7 9. Nbd2 Bh3 10. Rc1 Na6 11. Qc2 Qg4 12. Ne5 Qh5 13. Ndf3 Bxg2 14. Kxg2 Rad8
15. a3 Nc7 16. h3 Qf5 17. Qb1 Ne6 18. cxd5 Nxd5 19. e3 Qh5 20. Rc4 g5 21. h4 f6
22. hxg5 fxe5 23. g4 Nef4+ 0-1

[Event "24. Open Moratalaz 2011"]
[Site "Madrid ESP"]
[Date "2011.09.20"]
[Round "6.8"]
[White "Martin Duque, Jesus"]
[Black "Sanchez Alarcos Galian, Victor"]
[Result "1/2-1/2"]
[WhiteElo "2136"]
[BlackElo "2239"]
[PlyCount "111"]
[EventDate "2011.09.15"]
[EventType "swiss"]
[EventRounds "9"]
[EventCountry "ESP"]
[Source "lmi"]
[SourceDate "2011.09.15"]

1. e4 c6 2. d4 d5 3. Nd2 dxe4 4. Nxe4 Bf5 5. Ng3 Bg6 6. h4 h6 7. Nf3 Nd7 8. h5
Bh7 9. Bd3 Bxd3 10. Qxd3 e6 11. Bd2 Ngf6 12. O-O-O Be7 13. Ne4 Nxe4 14. Qxe4
Nf6 15. Qe2 Qd5 16. Kb1 Qe4 17. Qxe4 Nxe4 18. Be3 O-O 19. Ne5 Rfd8 20. g4 Bd6
21. f3 Nf6 22. Rhe1 Rac8 23. Bc1 c5 24. dxc5 Bxc5 25. Rd3 Rxd3 26. Nxd3 Bb6 27.
Be3 Bxe3 28. Rxe3 Nd5 29. Re4 Kf8 30. c4 Nb6 31. b3 Ke7 32. Kb2 Nd7 33. b4 b6
34. Kb3 Rd8 35. Kc3 f6 36. c5 bxc5 37. bxc5 e5 38. Ra4 Ra8 39. Kc4 Nf8 40. Nb4
Kd7 41. Nd5 Kc6 42. Ra6+ Kb7 43. Rd6 Rc8 44. Nb4 Re8 45. c6+ Kc8 46. Kd5 e4 47.
fxe4 Re5+ 48. Kc4 Rxe4+ 49. Rd4 Re2 50. Kb5 Ne6 51. Rd7 Re5+ 52. Nd5 Nf4 53.
Kc5 Rg5 54. Rc7+ Kb8 55. Rb7+ Kc8 56. Rc7+ 1/2-1/2

[Event "24. Open Moratalaz 2011"]
[Site "Madrid ESP"]
[Date "2011.09.20"]
[Round "6.9"]
[White "Longa Yauca, Javier"]
[Black "Barez Menendez, Hector"]
[Result "1/2-1/2"]
[WhiteElo "2319"]
[BlackElo "2164"]
[PlyCount "84"]
[EventDate "2011.09.15"]
[EventType "swiss"]
[EventRounds "9"]
[EventCountry "ESP"]
[Source "lmi"]
[SourceDate "2011.09.15"]

1. d4 d5 2. Nf3 e6 3. b3 Nf6 4. Bb2 Be7 5. e3 O-O 6. Bd3 b6 7. Nbd2 Bb7 8. O-O
c5 9. Re1 Ne4 10. c4 f5 11. Rc1 Nd7 12. Qe2 Ndf6 13. Red1 Qe8 14. Ne5 Nxd2 15.
Qxd2 Ne4 16. Bxe4 fxe4 17. cxd5 exd5 18. dxc5 bxc5 19. Qe2 Bf6 20. Ng4 Bxb2 21.
Qxb2 h5 22. Ne5 Rf5 23. f4 exf3 24. Nxf3 Qxe3+ 25. Qf2 Qxf2+ 26. Kxf2 d4 27.
Rd2 Raf8 28. Kg1 Bxf3 29. gxf3 Rd5 30. Rdc2 d3 31. Rf2 Re8 32. Rd2 Kf7 33. Kf2
Kf6 34. Rc3 Red8 35. Rc4 g5 36. Ke3 Kf5 37. Re4 R8d7 38. Re8 Rd4 39. Rf8+ Kg6
40. Rg8+ Kf6 41. Rf8+ Kg6 42. Rg8+ Kf6 1/2-1/2

[Event "24. Open Moratalaz 2011"]
[Site "Madrid ESP"]
[Date "2011.09.21"]
[Round "7.1"]
[White "Taboas Rodriguez, Daniel"]
[Black "Roa Alonso, Santiago"]
[Result "1/2-1/2"]
[WhiteElo "2396"]
[BlackElo "2420"]
[PlyCount "33"]
[EventDate "2011.09.15"]
[EventType "swiss"]
[EventRounds "9"]
[EventCountry "ESP"]
[Source "lmi"]
[SourceDate "2011.09.15"]

1. d4 d5 2. c4 e6 3. Nc3 Nf6 4. cxd5 exd5 5. Bg5 c6 6. e3 Be7 7. Bd3 O-O 8. Qc2
Nbd7 9. Nf3 Re8 10. O-O Nf8 11. Rab1 Be6 12. b4 a6 13. Na4 Ne4 14. Bxe7 Rxe7
15. Nc5 Nd6 16. a4 Bg4 17. Ne5 1/2-1/2

[Event "24. Open Moratalaz 2011"]
[Site "Madrid ESP"]
[Date "2011.09.21"]
[Round "7.2"]
[White "Ortega Ruiz, Jose Miguel"]
[Black "Vazquez Igarza, Renier"]
[Result "1/2-1/2"]
[WhiteElo "2266"]
[BlackElo "2572"]
[PlyCount "84"]
[EventDate "2011.09.15"]
[EventType "swiss"]
[EventRounds "9"]
[EventCountry "ESP"]
[Source "lmi"]
[SourceDate "2011.09.15"]

1. b3 d6 2. Bb2 e5 3. g3 Nf6 4. Bg2 g6 5. d4 Bg7 6. dxe5 Ng4 7. Na3 O-O 8. Nc4
Nxe5 9. Nxe5 dxe5 10. Qxd8 Rxd8 11. Rd1 Re8 12. e3 c6 13. Ne2 Na6 14. Ba3 Bf5
15. e4 Be6 16. Bd6 f6 17. f4 Bf8 18. O-O Bxd6 19. Rxd6 Rad8 20. Rxd8 Rxd8 21.
f5 gxf5 22. exf5 Bf7 23. Nc3 Kg7 24. a3 Rd4 25. Rd1 Nc5 26. Kf2 Kf8 27. Ke3
Rxd1 28. Nxd1 Bd5 29. b4 Na4 30. Bf1 b5 31. g4 a6 32. h4 h6 33. Bd3 Ke7 34. Nf2
Nc3 35. Ne4 Bxe4 36. Bxe4 Kd6 37. Kd3 Nb1 38. a4 bxa4 39. c4 a3 40. c5+ Kd7 41.
Kc2 Nd2 42. Bd3 a2 1/2-1/2